000 00949cad a22002295a 4500
001 E151211
008 101007s2008 xxk f 100 0 eng d
020 _a9781842194348
035 _a(Sirsi) u151211
041 0 _aeng
100 1 _aWall, John
111 2 _aConstruction and Building Research Conference
_cDublin Institute of Technology, Dublin
_d4-5 September 2008
245 0 0 _aBridging the gap between academia and industry using blended learning
_breflections from an Irish initiative
_h[electronic resource]
260 _aLondon
_bRICS
_c2008
520 _aA paper presented at the COBRA Conference 2008 in Dublin.
590 _aKA
650 2 4 _aCONSTRUCTION AND BUILDING RESEARCH CONFERENCE (COBRA)
651 4 _aIreland (Republic of)
_y
690 _aCAREERS, EDUCATION AND TRAINING
856 4 0 _uhttps://www.rics.org/site/download_feed.aspx?fileID=3397&fileExtension=PDF
_zView the item free of charge at www.rics.org
942 _n0
999 _c111233
_d111233